000 00431nab a2200145Ia 4500
003 ES-SlBCS
005 20210601132855.0
008 140529s1967 xxu||||| |||| 00| 0 ita d
041 _aita
100 1 _aComposta, Darío
_912806
245 0 0 _aFritz-Joachim von Rintelen
_c Darío Composta
600 1 4 _aRintelen, F. J.
_9199698
773 0 _tGiornali di Metafisica
_gvol. 22, nº. 4-5, 1967, págs. 483-492
_w0017-0372
942 _cAR
999 _c587005
_d587005